Catalunya a Europa : paraules del President de la Generalitat a Aquisgrà, Estrasburg, Brussel·les, Pirineus, Perpinyà, París, Davos i Madrid (1984-1986) / Jordi Pujol paraules del President de la Generalitat a Aquisgrà, Estrasburg, Brussel·les, Pirineus, Perpinyà, París, Davos i Madrid (1984-1986) / Jordi Pujol
Publicado:
Barcelona :
Generalitat de Catalunya. Departament de la Presidència. Servei Central de Publicacions ,
1986
Descripción Física:
93 p. ; 22 cm
Colección:
Paraules del President de la Generalitat ; 9
Materias:
Pujol, Jordi -- Discursos
MARC
| LEADER | 00000nam a2200000Ia 4500 | ||
|---|---|---|---|
| 001 | 7586 | ||
| 008 | 160829s1986 xx 000 0 cat d | ||
| 080 | |a M-2-184 | ||
| 110 | 1 | |9 54008 |a Catalunya. |b President (1980-2003 : Pujol) | |
| 245 | |a Catalunya a Europa : |b paraules del President de la Generalitat a Aquisgrà, Estrasburg, Brussel·les, Pirineus, Perpinyà, París, Davos i Madrid (1984-1986) / Jordi Pujol | ||
| 260 | |a Barcelona : |b Generalitat de Catalunya. Departament de la Presidència. Servei Central de Publicacions, |c 1986 | ||
| 300 | |a 93 p. ; |c 22 cm | ||
| 490 | |a Paraules del President de la Generalitat ; 9 | ||
| 650 | |a Pujol, Jordi |x Discursos |9 31652 | ||
| 901 | |a Arxiu | ||
| 942 | |n 1 |2 udc | ||
| 952 | |0 0 |1 0 |4 0 |6 M2184 |7 1 |9 43553 |a Arxiu |b Arxiu |d 2016-12-01 |l 0 |o M-2-184 |p 7586 |r 2016-12-01 00:00:00 |w 2016-12-01 |y ARXIU | ||
| 999 | |c 46099 |d 46099 | ||